載入...

Isolation Structure Elucidation Structure Modification and Antimicrobial Properties of Secondary metabolites in plants

書目詳細資料
主要作者: Mohanakrishnan M
格式: Electronic Thesis
語言:English
主題:
在線閱讀:http://hdl.handle.net/10603/215171
LEADER 00588nam a2200169Ia 4500
001 217080
008 190202t ii ||||fom||| 00| 0 eng d
100 |a Mohanakrishnan M 
245 |a Isolation Structure Elucidation Structure Modification and Antimicrobial Properties of Secondary metabolites in plants 
502 |a Thesis (Ph. D.) -- Department of Chemistry, University of Calicut, 
546 |a English 
653 |a Metabolics in plants 
653 |a Metabolics in plants 
796 |a Mohammed Shafi P 
856 |u http://hdl.handle.net/10603/215171 
952 |a ON  |c ETD  |y ETD 
999 |c etd217080